Fr. Conceicao Rodrigues College of Engineering

Jig & fixture design manual (Record no. 22893)

MARC details
000 -LEADER
fixed length control field 00320nam a2200145Ia 4500
082 ## - DEWEY DECIMAL CLASSIFICATION NUMBER
Classification number 621.992
Item number HEN
100 ## - MAIN ENTRY--PERSONAL NAME
Personal name Henriksen/E.K.
245 ## - TITLE STATEMENT
Title Jig & fixture design manual
260 ## - PUBLICATION, DISTRIBUTION, ETC.
Name of publisher, distributor, etc. Industrial Press
Place of publication, distribution, etc. New York
Date of publication, distribution, etc. 1973
300 ## - PHYSICAL DESCRIPTION
Extent 312
546 ## - LANGUAGE NOTE
Language note ENGLISH
654 ## - SUBJECT ADDED ENTRY--FACETED TOPICAL TERMS
Focus term jig & fixture
942 ## - ADDED ENTRY ELEMENTS (KOHA)
Koha item type BOOK
Holdings
Withdrawn status Lost status Damaged status Not for loan Collection Home library Current library Shelving location Date acquired Cost, normal purchase price Total Checkouts Full call number Barcode Date last seen Cost, replacement price Price effective from Koha item type
        CRC Fr. Agnel's C.Rodrigues College of Engineering Fr. Agnel's C.Rodrigues College of Engineering   17/03/2023 525.00   621.992 HEN 1033 17/03/2023 525.00 17/03/2023 BOOK
        CRC Fr. Agnel's C.Rodrigues College of Engineering Fr. Agnel's C.Rodrigues College of Engineering   17/03/2023 525.00   621.992 HEN 1034 17/03/2023 525.00 17/03/2023 BOOK
        CRC Fr. Agnel's C.Rodrigues College of Engineering Fr. Agnel's C.Rodrigues College of Engineering   17/03/2023 525.00   621.992 HEN 1035 17/03/2023 525.00 17/03/2023 BOOK
        CRC Fr. Agnel's C.Rodrigues College of Engineering Fr. Agnel's C.Rodrigues College of Engineering   17/03/2023 525.00   621.992 HEN 1036 17/03/2023 525.00 17/03/2023 BOOK
        CRC Fr. Agnel's C.Rodrigues College of Engineering Fr. Agnel's C.Rodrigues College of Engineering   17/03/2023 525.00   621.992 HEN 1037 17/03/2023 525.00 17/03/2023 BOOK